000 00256pam a2200121 a 4500
020 _c
041 _aeng
100 _aBuldwin Earl.
245 _aOn England
_hTextual Documents
260 _aNew York
_bPenguin Books Ltd
300 _a246p.
930 _a15233
999 _c92133
_d92133